Call of Duty Modern Warfare Weapons - Statistics

General Stats
  • This quiz has been taken 4 times
  • The average score is 19 of 27
Answer Stats
Picture Answer % Correct
AK-47
100%
Barrett .50cal | Barrett
100%
M16A4
100%
M4 Carbine
100%
MP5
100%
P90
100%
AK-74u
75%
Desert Eagle
75%
Dragunov
75%
G36C
75%
M14
75%
M9
75%
Mini-Uzi
75%
RPD
75%
Skorpion
75%
USP .45
75%
G3
50%
Gold Desert Eagle
50%
M1911 .45
50%
M21
50%
M249 SAW
50%
M40A3
50%
M60E4
50%
MP44
50%
R700
50%
W1200
50%
M1014
25%
No matching quizzes found
Score Distribution
Percent of People with Each Score
Percentile by Number Answered
Your Score History
You have not taken this quiz